| 000 | 00000ngm 2200000za 4500 |
| 001 | 9.845466 |
| 003 | CaOODSP |
| 005 | 20240405085048 |
| 006 | m o c f |
| 007 | cr cna|||a|||| |
| 008 | 171012s2016 onc020 fo vlfre d |
| 040 | |aCaOODSP|bfre |
| 043 | |an-cn--- |
| 086 | 1 |aRv4-95/2016F-MP4 |
| 245 | 00|aCadeaux, récompenses et prix pour les années de service |h[ressource électronique] / |cAgence du revenu du Canada. |
| 260 | |a[Ottawa] : |bAgence du revenu du Canada, |c2016. |
| 300 | |a1 vidéo en streaming (20 min., 12 sec.) : |bs., coul. |
| 500 | |aPubl. aussi en anglais sous le titre : Gifts, awards, and long service awards. |
| 500 | |aTitre du titre d'écran. |
| 500 | |a« Septembre 2016. » |
| 520 | |a« Ceci est un enregistrement d'un webinaire sur les politiques concernant les cadeaux et récompenses et les prix pour les longs états de service »--Fournis par l'éditeur. |
| 538 | |aExigences du système : Windows Media Player. |
| 538 | |aMode d'accès : World Wide Web. |
| 692 | 07|2gccst|aEntreprise |
| 692 | 07|2gccst|aTravailleur |
| 692 | 07|2gccst|aDon |
| 692 | 07|2gccst|aImpôt |
| 710 | 2 |aAgence du revenu du Canada. |
| 775 | 08|tGifts, awards, and long service awards |w(CaOODSP)9.845462 |
| 856 | 40|qMP4|s70.52 Mo|uhttps://publications.gc.ca/collections/collection_2017/arc-cra/Rv4-95-2016-fra.mp4 |